000 00461ntaaa2200181 4500
003 01
005 20251027201506.0
008 0714s1973 ag 01
040 _aAR-BaBN
_bspa
_cAR-BaBN
_eaacr
_dRIC
082 _a227.0200 W58
100 _aWhiteley, D. E. H.
_913515
245 _aThe Theology of St. Paul
250 _a1 ed.
260 _aPhiladelphia :
_bFortress Press,
_c1964, 1966
300 _axvi, 296 p.
650 _aPablo-TeologĂ­a
_94030
942 _cBK
999 _c9513
_d9513